Directorio moral del reverendo padre Fr. Francisco Echarri, del Orden de N.P.S. Francisco de la Regular Observancia (Record no. 8775)
[ view plain ]
| 000 -CABECERA | |
|---|---|
| campo de control de longitud fija | 00943nam a2200229 a 4500 |
| 001 - NÚMERO DE CONTROL | |
| campo de control | BRCA_9127 |
| 005 - FECHA Y HORA DE LA ÚLTIMA TRANSACCIÓN | |
| campo de control | 20190320210529.0 |
| 008 - DATOS DE LONGITUD FIJA--INFORMACIÓN GENERAL | |
| campo de control de longitud fija | 051017s1794----sp-#######---#000-0#spa-# |
| 041 ## - CÓDIGO DE LENGUA | |
| Código de lengua del texto/banda sonora o título independiente | spa |
| 044 ## - CÓDIGO DEL PAÍS DE LA ENTIDAD EDITORA/PRODUCTORA | |
| Código MARC del país | sp |
| 084 ## - OTRO NÚMERO DE CLASIFICACIÓN | |
| Número de clasificación | BE146 |
| Número de documento/Ítem | .E24 1794 |
| 100 1# - ENTRADA PRINCIPAL--NOMBRE DE PERSONA | |
| Nombre de persona | Echarri, Francisco |
| 9 (RLIN) | 21904 |
| 245 10 - MENCIÓN DE TÍTULO | |
| Título | Directorio moral del reverendo padre Fr. Francisco Echarri, del Orden de N.P.S. Francisco de la Regular Observancia |
| Mención de responsabilidad, etc. | tercera vez ilustrado con adiciones por via de notas, y exactamente corregido por Don Francisco Giron y Serrado, presbítero; Tomo segundo. |
| 260 ## - PUBLICACIÓN, DISTRIBUCIÓN, ETC. | |
| Lugar de publicación, distribución, etc. | Madrid |
| Nombre del editor, distribuidor, etc. | En la Imprenta Real |
| Fecha de publicación, distribución, etc. | 1794 |
| 300 ## - DESCRIPCIÓN FÍSICA | |
| Extensión | 594 p. (t.2) |
| Dimensiones | 21.5 x 15.5 cm |
| 500 ## - NOTA GENERAL | |
| Nota general | Con las licencias necesarias |
| 500 ## - NOTA GENERAL | |
| Nota general | Estado físico: presenta encuadernación en pergamino, con presencia del pez de plata |
| 650 14 - PUNTO DE ACCESO ADICIONAL DE MATERIA--TÉRMINO DE MATERIA | |
| Término de materia o nombre geográfico como elemento de entrada | Teología moral |
| Subdivisión cronológica | Obras anteriores a 1800 |
| 9 (RLIN) | 21355 |
| 700 1# - PUNTO DE ACCESO ADICIONAL--NOMBRE DE PERSONA | |
| Nombre de persona | Giron y Serrado, Francisco |
| 9 (RLIN) | 21905 |
| 902 ## - CATALOGADOR | |
| Iniciales | CFM |
| 942 ## - ELEMENTOS DE PUNTO DE ACCESO ADICIONAL (KOHA) | |
| Fuente del sistema de clasificación o colocación | Library of Congress Classification |
| Tipo de ítem Koha | Libros |
| Estado de retiro | Estado de pérdida | Estado dañado | No para préstamo | Localización permanente | Ubicación/localización actual | Fecha de adquisición | Total de préstamos | Signatura topográfica completa | Código de barras | Fecha visto por última vez | Precio válido a partir de | Tipo de ítem Koha |
|---|---|---|---|---|---|---|---|---|---|---|---|---|
| El ejemplar forma parte de la colección y puede ser consultado según las políticas vigentes. | Biblioteca del Museo Franz Mayer (Rogerio Casas-Alatriste) | Biblioteca del Museo Franz Mayer (Rogerio Casas-Alatriste) | 05/10/2017 | BE146 .E24 1794 | CFM00484 | 22/03/2019 | 22/03/2019 | Libros |